| 000 | 00567aam a2200205 4500 | ||
|---|---|---|---|
| 005 | 20161109114042.0 | ||
| 008 | 150526b xxu||||| |||| 00| 0 spa d | ||
| 041 | _aEspañol | ||
| 082 |
_a749 P622r _b |
||
| 100 |
_aPierre, Auguste _97222 |
||
| 245 | _aRestauración de muebles y objetos | ||
| 260 |
_aEspaña _bThomson _c2004 |
||
| 300 | _a127 páginas | ||
| 650 |
_aMUEBLES _97213 |
||
| 650 |
_aOBJETOS ANTIGUOS _916262 |
||
| 650 |
_aMUEBLES ANTIGUOS _919640 |
||
| 650 |
_aRESTAURACIÓN DE MUEBLES _97224 |
||
| 650 |
_aREPARACION DE MUEBLES _97225 |
||
| 942 | _cBK | ||
| 999 |
_c2289 _d2289 |
||